Bear Countries Quiz Stats

Quiz Updated Apr 16, 2012

Also try: Famous Bears
Challenge
Share
Tweet
Embed
Score 0/44 Timer 05:00
1 Play Today
Species Country % Correct
Giant PandaChina
99.6%
Polar BearUSA
99.1%
American Black BearUSA
99.1%
American Black BearCanada
98.5%
Polar BearCanada
98.5%
Asian Black BearChina
98.5%
Grizzly BearUSA
98.1%
Grizzly BearCanada
97.5%
Polar BearRussia
93.2%
American Black BearMexico
87.5%
Malayan Sun BearIndia
87.4%
Sloth BearIndia
87.4%
Asian Black BearIndia
87.4%
Asian Black BearJapan
84.2%
Malayan Sun BearVietnam
78.7%
Asian Black BearVietnam
77.8%
Malayan Sun BearMalaysia
77.4%
Polar BearDenmark (Greenland)
75.9%
Asian Black BearPakistan
74.4%
Asian Black BearSouth Korea
73.6%
Malayan Sun BearThailand
73.3%
Asian Black BearNorth Korea
73.2%
Species Country % Correct
Polar BearNorway
73%
Asian Black BearThailand
72.4%
Malayan Sun BearIndonesia
71.8%
Malayan Sun BearLaos
70.9%
Asian Black BearLaos
70%
Asian Black BearNepal
66.8%
Malayan Sun BearCambodia
66%
Asian Black BearCambodia
65.1%
Asian Black BearAfghanistan
63.4%
Asian Black BearIran
59.8%
Malayan Sun BearMyanmar
59.6%
Asian Black BearMyanmar
59.6%
Malayan Sun BearBangladesh
58%
Sloth BearBangladesh
58%
Asian Black BearBangladesh
58%
Sloth BearSri Lanka
54.1%
Spectacled BearPeru
51%
Spectacled BearColombia
46.1%
Asian Black BearBhutan
45.3%
Spectacled BearVenezuela
44%
Spectacled BearEcuador
42.1%
Spectacled BearBolivia
41.3%

You're not logged in!

Compare scores with friends on all Sporcle quizzes.
Sign Up with Email
OR
Log In

You Might Also Like...

Show Comments

Extras

Top Quizzes Today


Score Distribution

Your Account Isn't Verified!

In order to create a playlist on Sporcle, you need to verify the email address you used during registration. Go to your Sporcle Settings to finish the process.